[Event "Challenge"]
[Site "http://www.queenalice.com/game.php?id=81035"]
[Date "2006.6.29"]
[Round "-"]
[White "guarise"]
[Black "marple66"]
[Result "1-0"]
[WhiteElo "1543"]
[BlackElo "1457"]

1. e4 e5 2. Nf3 Nc6 3. d4 d6 4. Nc3 Nf6 5. Bg5 Be7 6. Bb5 O-O 7. Bxc6 bxc6 8.
dxe5 Nd7 9. Bxe7 Qxe7 10. exd6 cxd6 11. O-O Ne5 12. Nxe5 dxe5 13. Qf3 f6 14.
Rad1 Be6 15. Na4 Rfd8 16. Qe3 Rac8 17. Nc5 Rc7 18. Rxd8+ 1-0

[Event "xake"]
[Site "http://www.queenalice.com/game.php?id=81272"]
[Date "2006.6.30"]
[Round "-"]
[White "guarise"]
[Black "Urko"]
[Result "0-1"]
[WhiteElo "1616"]
[BlackElo "1589"]

1. e4 e5 2. Nf3 d6 3. Bc4 Nh6 4. d4 Nc6 5. Nc3 f6 6. dxe5 fxe5 7. Bxh6 gxh6 8.
Qd5 Qe7 9. Qd2 Be6 10. Bxe6 Qxe6 11. Nd5 O-O-O 12. Nh4 Qg4 13. g3 Qxe4+ 14. Ne3
Qxh1+ 15. Nf1 Qe4+ 16. Ne3 Ne7 17. O-O-O Bg7 18. Re1 Qa4 19. a3 Bf6 20. Nhg2 Bg5
21. Qc3 Qe4 22. f4 exf4 23. h4 fxe3 24. Nxe3 Nd5 25. Qd3 Qxd3 0-1

[Event "Challenge"]
[Site "http://www.queenalice.com/game.php?id=83024"]
[Date "2006.7.6"]
[Round "-"]
[White "guarise"]
[Black "klitzke"]
[Result "1-0"]
[WhiteElo "1562"]
[BlackElo "1612"]

1. d4 d5 2. c4 dxc4 3. e3 b5 4. a4 c6 5. b3 Be6 6. bxc4 bxc4 7. Qc2 Qa5+ 8. Bd2
Qd5 9. Nf3 Nf6 10. Na3 g6 11. Bxc4 Qd7 12. Ne5 Qd6 13. Bxe6 Qxe6 14. O-O Bg7 15.
Rac1 Ne4 16. Nb5 cxb5 17. Qc8+ 1-0

[Event "Challenge"]
[Site "http://www.queenalice.com/game.php?id=100618"]
[Date "2006.8.29"]
[Round "-"]
[White "guarise"]
[Black "Joe_Boyd"]
[Result "1-0"]
[WhiteElo "1598"]
[BlackElo "1684"]

1. d4 Nf6 2. Nf3 e6 3. Nc3 Bb4 4. Bd2 c5 5. Na4 Bxd2+ 6. Qxd2 cxd4 7. Nxd4 O-O
8. e3 e5 9. Nf5 d5 10. Ng3 Bd7 11. Nc5 Nc6 12. Be2 b6 13. Nxd7 Qxd7 14. O-O-O a5
15. Bb5 Qe6 16. a3 Rac8 17. Ne2 Rc7 18. f3 Rfc8 19. Ba4 Na7 20. Bb3 Rc5 21. e4
Qd6 22. exd5 Nb5 23. Ng3 Nc7 24. Ne4 Nxe4 25. fxe4 Nb5 26. c3 Qg6 27. Rhe1 Nd6
28. Bc2 Rb5 29. Ba4 Nc4 30. Bxb5 Nxd2 31. Rxd2 Qd6 32. c4 h6 33. Re3 g5 34. Rf2
Qc5 35. Ree2 h5 36. Ba4 b5 37. Bb3 b4 38. a4 Kg7 39. Rf5 f6 40. Rd2 Qg1+ 41. Kc2
Qxh2 42. d6 Rd8 43. c5 Qh4 44. Bd5 g4 45. c6 Qg3 46. c7 b3+ 47. Bxb3 Qe3 48.
cxd8=Q Qxe4+ 49. Kc1 Qc6+ 50. Rc2 1-0

[Event "AUTO-INT-157"]
[Site "http://www.queenalice.com/game.php?id=101989"]
[Date "2006.9.3"]
[Round "1"]
[White "xavimg"]
[Black "guarise"]
[Result "0-1"]
[WhiteElo "1502"]
[BlackElo "1609"]

1. e4 e5 2. Qh5 Nc6 3. Bc4 Qf6 4. Nf3 Bc5 5. O-O d6 6. Nc3 g6 7. Nd5 gxh5 8.
Nxf6+ Nxf6 9. b3 Be6 10. d3 Bxc4 11. dxc4 Nxe4 12. Be3 Nd4 13. Nxd4 exd4 14. Bf4
O-O-O 15. Rae1 Rhe8 16. f3 Nc3 17. Rxe8 Rxe8 18. Bg5 Re2 19. a4 d3+ 20. Kh1 d2
21. Bxd2 Rxd2 22. h3 Rd1 23. Rxd1 Nxd1 24. g4 hxg4 25. hxg4 Ne3 26. Kh2 Nxc2 27.
a5 b5 28. axb6 axb6 29. Kg3 b5 30. Kf4 bxc4 31. bxc4 Na3 32. Kf5 Nxc4 33. Kf6 d5
34. Kxf7 d4 35. Ke6 d3 36. Kd5 d2 37. Kxc5 d1=Q 38. Kxc4 Kb7 39. Kb5 Qd4 40. g5
c6+ 41. Ka5 Qc4 42. f4 Qb5# 0-1

[Event "AUTO-INT-157"]
[Site "http://www.queenalice.com/game.php?id=101990"]
[Date "2006.9.3"]
[Round "1"]
[White "guarise"]
[Black "xavimg"]
[Result "1-0"]
[WhiteElo "1587"]
[BlackElo "1489"]

1. e4 c6 2. Nf3 Qa5 3. Nc3 Nf6 4. Bc4 e6 5. d3 Bb4 6. Bd2 Ng4 7. h3 Ne5 8. Nxe5
Qxe5 9. O-O O-O 10. f4 Qd4+ 11. Kh1 b5 12. Bb3 Qf6 13. Qg4 d6 14. e5 dxe5 15.
Ne4 Qe7 16. Bxb4 Qxb4 17. fxe5 Nd7 18. Nf6+ Nxf6 19. Qxb4 Nd7 20. Qe4 Bb7 21.
Rf2 c5 22. Qxb7 Nxe5 23. Raf1 c4 24. dxc4 bxc4 25. Bxc4 Nxc4 26. Rxf7 Ne3 27.
Rxg7+ Kh8 28. Rxh7+ Kg8 29. Qg7# 1-0

[Event "AUTO-INT-157"]
[Site "http://www.queenalice.com/game.php?id=102005"]
[Date "2006.9.3"]
[Round "1"]
[White "johntelker"]
[Black "guarise"]
[Result "1-0"]
[WhiteElo "1717"]
[BlackElo "1630"]

1. d4 d5 2. Bf4 Nc6 3. Nf3 Nf6 4. h3 e6 5. e3 Nh5 6. Bh2 Be7 7. Be2 Nf6 8. O-O
O-O 9. Nbd2 Bd6 10. Bxd6 Qxd6 11. a3 Bd7 12. c4 b6 13. cxd5 exd5 14. Rc1 Be6 15.
b4 Ne7 16. Ne5 Ne4 17. Nxe4 dxe4 18. Rc3 Nd5 19. Rc1 Qe7 20. Qc2 Qg5 21. Qxe4
Rad8 22. Kh1 Nf6 23. Qf3 Bd5 24. Qg3 Qxg3 25. fxg3 Ne4 26. Kh2 f6 27. Nc6 Bxc6
28. Rxc6 Rd7 29. Rfc1 Rff7 30. Bc4 Nd6 31. Bxf7+ Rxf7 32. Rxc7 Nb5 33. Rxf7 Kxf7
34. a4 Nd6 35. Rc7+ Kf8 36. Rxa7 Nf5 37. Rb7 Nxe3 38. Rxb6 Nd5 39. a5 Ke8 40.
Rb7 Kd8 41. b5 1-0

[Event "AUTO-INT-157"]
[Site "http://www.queenalice.com/game.php?id=102006"]
[Date "2006.9.3"]
[Round "1"]
[White "guarise"]
[Black "johntelker"]
[Result "1-0"]
[WhiteElo "1561"]
[BlackElo "1617"]

1. e4 c5 2. Bc4 d6 3. Nf3 Nc6 4. Nc3 Nf6 5. h3 e6 6. d4 cxd4 7. Nxd4 Bd7 8. Bg5
Be7 9. O-O O-O 10. Qd3 e5 11. Nxc6 Bxc6 12. Bxf6 Bxf6 13. Rad1 Be7 14. f4 Qc7
15. Qg3 exf4 16. Rxf4 Bf6 17. Rxf6 Rad8 18. Rfxd6 1-0

[Event "AUTO-INT-157"]
[Site "http://www.queenalice.com/game.php?id=102015"]
[Date "2006.9.3"]
[Round "1"]
[White "xmas"]
[Black "guarise"]
[Result "0-1"]
[WhiteElo "1360"]
[BlackElo "1623"]

1. e4 e5 2. Nf3 Nc6 3. d3 Nf6 4. b3 Bc5 5. Nc3 Nd4 6. Be3 d6 7. g3 Bg4 8. Bg2
Bb4 9. Bd2 Nh5 10. O-O Qf6 11. Nd5 Nxf3+ 12. Bxf3 Qxf3 13. Qxf3 Bxf3 14. Nxc7+
Kd7 15. Nxa8 Bxd2 16. a4 Rxa8 17. c4 Re8 18. a5 Be2 19. Rfb1 Bc3 20. Ra4 Bxd3
21. Rc1 Bd4 22. Rd1 Bxe4 23. b4 Bc2 24. Rda1 Bxa4 25. Rxa4 g5 26. b5 f5 27. h4
gxh4 28. gxh4 f4 29. Kg2 Ke6 30. Kf3 Kf5 31. a6 b6 32. Ra1 Nf6 33. Rg1 e4+ 34.
Ke2 Ng4 35. f3 Bxg1 36. fxg4+ Kxg4 37. Kf1 Be3 38. Ke2 Kg3 39. Kf1 f3 40. h5 f2
41. h6 Bc5 42. Ke2 Kg2 43. Kd1 f1=Q+ 44. Kc2 e3 45. Kb2 e2 46. Kc2 e1=Q 47. Kb2
Qf3 48. Kc2 Re2# 0-1

[Event "AUTO-INT-157"]
[Site "http://www.queenalice.com/game.php?id=102016"]
[Date "2006.9.3"]
[Round "1"]
[White "guarise"]
[Black "xmas"]
[Result "1-0"]
[WhiteElo "1603"]
[BlackElo "1336"]

1. e4 d5 2. exd5 Qxd5 3. Nc3 Qc4 4. Bxc4 e6 5. d4 Nf6 6. Nf3 Bb4 7. Bd2 O-O 8.
Nb5 Nc6 9. Bxb4 Nxb4 10. a3 Nc6 11. O-O a6 12. Nc3 b5 13. Bd3 g6 14. Ne5 Nxd4
15. Be4 Nxe4 16. Nxe4 Nf5 17. Qd2 Bb7 18. Nc5 Rad8 19. Ned7 Nh4 20. Nxb7 Rc8 21.
Nxf8 Rxf8 22. Rad1 Nf5 23. Qa5 c6 24. Rd8 Rxd8 25. Nxd8 Nd4 26. Qc7 Kg7 27.
Qxf7+ Kh6 28. Qf4+ Kg7 29. Qxd4+ Kh6 30. Nf7+ Kh5 31. Qe5+ Kg4 32. Qg5# 1-0

[Event "AUTO-OPEN-451"]
[Site "http://www.queenalice.com/game.php?id=130095"]
[Date "2006.11.16"]
[Round "1"]
[White "mafbueno"]
[Black "guarise"]
[Result "0-1"]
[WhiteElo "1781"]
[BlackElo "1675"]

1. d4 Nf6 2. Nf3 e6 3. Bf4 Nc6 4. h3 Be7 5. e3 Nd5 6. Bh2 O-O 7. e4 Nb6 8. Bd3
d5 9. O-O Nb4 10. c3 Nxd3 11. Qxd3 dxe4 12. Qxe4 Nd5 13. Nbd2 Nf6 14. Qe2 Bd7
15. Ne5 Bd6 16. Ndf3 Nh5 17. h4 a6 18. Nxd7 Qxd7 19. Ne5 Bxe5 20. dxe5 g6 21.
Rad1 Qa4 22. b3 Qxh4 23. Rd4 Qg5 24. Rg4 Qh6 25. f4 Ng7 26. Rf3 Nf5 27. Rh3 Qg7
28. Rg5 Rad8 29. g4 h6 30. Rxf5 exf5 31. gxf5 Rd7 32. e6 Re7 33. Qc4 fxe6 34.
fxg6 Rf6 35. Rg3 Rxg6 36. Kf2 Rxg3 37. Bxg3 Qg6 38. Bh4 Qc2+ 39. Ke3 Qc1+ 40.
Kf3 Qd1+ 41. Qe2 Qxe2+ 42. Kxe2 Rg7 43. Kf2 Rg4 44. Bg3 h5 45. Kf3 Kf7 46. Bf2
Kg6 0-1

[Event "AUTO-OPEN-451"]
[Site "http://www.queenalice.com/game.php?id=130096"]
[Date "2006.11.16"]
[Round "1"]
[White "guarise"]
[Black "mafbueno"]
[Result "1-0"]
[WhiteElo "1641"]
[BlackElo "1666"]

1. e4 e5 2. Nf3 Qe7 3. Nc3 c6 4. d4 d6 5. Bc4 h6 6. Qd3 Nf6 7. h3 Qc7 8. d5 Nbd7
9. Be3 Nb6 10. Bxb6 axb6 11. dxc6 bxc6 12. O-O Be7 13. Rad1 O-O 14. Qe3 b5 15.
Bb3 Bb7 16. Ne2 c5 17. Nc3 b4 18. Nd5 Nxd5 19. Bxd5 Bxd5 20. Rxd5 Rxa2 21. Qb3
Rfa8 22. Nd2 Ra1 23. Nc4 Rxf1+ 24. Kxf1 Ra1+ 25. Ke2 g6 26. Qd3 Kg7 27. Nxd6 Qb8
28. Nc4 f6 29. Rd7 Kf8 30. Qd5 Qb5 31. Qe6 1-0

[Event "AUTO-OPEN-451"]
[Site "http://www.queenalice.com/game.php?id=130121"]
[Date "2006.11.16"]
[Round "1"]
[White "tenmaia"]
[Black "guarise"]
[Result "0-1"]
[WhiteElo "1613"]
[BlackElo "1745"]

1. e4 c5 2. c4 d6 3. Bd3 g6 4. Nf3 Nc6 5. Nc3 Bg7 6. Nd5 Nf6 7. Ng5 Nxd5 8. cxd5
Ne5 9. Bb5+ Bd7 10. Qa4 Bxb5 11. Qxb5+ Qd7 12. Qxd7+ Kxd7 13. O-O Bf6 14. f4 Nd3
15. Nxf7 Rhf8 16. Ng5 Bd4+ 17. Kh1 Rxf4 18. Rxf4 Nxf4 19. Nxh7 Nd3 20. g3 Rh8
21. Ng5 Rf8 22. Ne6 Rf1+ 23. Kg2 Rxc1 24. Rxc1 Nxc1 25. Kh3 Bxb2 26. a4 a6 27.
Nf8+ Ke8 28. Nxg6 b5 29. axb5 axb5 30. Kg4 b4 31. Nf4 Be5 32. Ne6 Kd7 33. Nf8+
Kc8 0-1

[Event "AUTO-OPEN-451"]
[Site "http://www.queenalice.com/game.php?id=130122"]
[Date "2006.11.16"]
[Round "1"]
[White "guarise"]
[Black "tenmaia"]
[Result "1-0"]
[WhiteElo "1658"]
[BlackElo "1574"]

1. d4 d5 2. c4 dxc4 3. e3 Nf6 4. Bxc4 Bg4 5. Qb3 e6 6. Qxb7 Nbd7 7. Bb5 Bb4+ 8.
Bd2 Rb8 9. Bxd7+ Kxd7 10. Qxa7 Bxd2+ 11. Nxd2 Rxb2 12. Nc4 Rb8 13. Ne5+ Ke7 14.
Nc6+ 1-0

[Event "AUTO-OPEN-451"]
[Site "http://www.queenalice.com/game.php?id=130137"]
[Date "2006.11.16"]
[Round "1"]
[White "ERNESTOFONSECA10"]
[Black "guarise"]
[Result "0-1"]
[WhiteElo "1166"]
[BlackElo "1673"]

1. Nf3 Nc6 2. e4 e5 3. Bb5 Qf6 4. Nc3 Nge7 5. d3 h6 6. Be3 d6 7. Nd5 Qg6 8.
Nxc7+ Kd8 9. Nxa8 Qxg2 10. Rg1 Qh3 0-1

[Event "AUTO-INT-157"]
[Site "http://www.queenalice.com/game.php?id=131797"]
[Date "2006.11.21"]
[Round "2"]
[White "guarise"]
[Black "hartto"]
[Result "1-0"]
[WhiteElo "1721"]
[BlackElo "1801"]

1. e4 e5 2. Nf3 Nc6 3. d4 exd4 4. Nxd4 Nxd4 5. Qxd4 d6 6. Nc3 Nf6 7. Bg5 Be7 8.
Bd3 Be6 9. f4 Nh5 10. Bxe7 Qxe7 11. O-O-O Nxf4 12. Qxg7 O-O-O 13. Qd4 Nxd3+ 14.
Rxd3 Qg5+ 15. Rd2 Kb8 16. h4 Qa5 17. Qa4 Qxa4 18. Nxa4 h5 19. Re1 Rhg8 20. Re3
Rg4 21. g3 Re8 22. Nc3 Kc8 23. Kd1 Bf5 24. Rd4 Bh7 25. Kd2 f5 26. Nd5 Rgxe4 27.
Rdxe4 Rxe4 28. Rxe4 fxe4 29. Nf6 Bg6 30. Ke3 c6 31. c4 Bf7 32. Nxe4 Bxc4 33.
Nxd6+ 1-0

[Event "AUTO-INT-157"]
[Site "http://www.queenalice.com/game.php?id=131798"]
[Date "2006.11.21"]
[Round "2"]
[White "hartto"]
[Black "guarise"]
[Result "1/2-1/2"]
[WhiteElo "1824"]
[BlackElo "1740"]

1. d4 Nf6 2. c4 e6 3. Nc3 d5 4. Bg5 Be7 5. e3 O-O 6. Bxf6 Bxf6 7. Nf3 Nc6 8.
cxd5 exd5 9. Be2 Bf5 10. O-O Ne7 11. Rc1 c6 12. h3 a6 13. Ne5 Qd6 14. f4 g5 15.
Bg4 Qe6 16. Qf3 Bxe5 17. Bxf5 Qxf5 18. dxe5 Ng6 19. Qg3 gxf4 20. exf4 Kh8 21.
Qe3 Rad8 22. g4 Qd7 23. Ne2 d4 24. Qd3 f5 25. Rc4 fxg4 26. Rxd4 Qc8 27. e6 gxh3
28. Rxd8 Qxd8 29. Qc3+ Qf6 30. Qxf6+ Rxf6 31. f5 Ne7 32. Ng3 h5 33. Rf4 Kh7 34.
Kh2 Kh6 35. Rh4 Nxf5 36. Rxh5+ Kg6 37. Rxf5 Rxe6 38. Rf2 Rf6 39. Rxf6+ Kxf6 40.
Ne4+ Ke5 41. Nc5 Kd4 42. Nxb7 Kd3 43. Na5 Kc2 44. Nc4 1/2-1/2

[Event "AUTO-INT-157"]
[Site "http://www.queenalice.com/game.php?id=131799"]
[Date "2006.11.21"]
[Round "2"]
[White "guarise"]
[Black "CampbellMarcel"]
[Result "1-0"]
[WhiteElo "1743"]
[BlackElo "1301"]

1. e4 c5 2. Nf3 Nc6 3. Bc4 e6 4. Nc3 b6 5. d4 cxd4 6. Nxd4 Nxd4 7. Qxd4 Bc5 8.
Qxg7 Qf6 9. Qxf6 Nxf6 10. O-O Bb7 11. e5 Rg8 12. g3 Ng4 13. Bf4 h5 14. Nb5 Kd8
15. h3 Bxf2+ 16. Rxf2 Nxf2 17. Kxf2 Ba6 18. Rd1 Bc8 19. Nd6 Ke7 20. h4 a5 21.
Bg5+ Kf8 22. Bb5 Rg6 23. Nxc8 Rxc8 24. c3 Rc5 25. Bxd7 Rxe5 26. Rd6 f6 27. Bf4
Re4 28. Rxb6 e5 29. Bf5 exf4 30. Bxg6 fxg3+ 31. Kxg3 Rg4+ 32. Kf3 Rxg6 33. Rb5
Rg4 34. Rxh5 Ra4 35. a3 Kg7 36. Kg3 Kg6 37. Rd5 f5 38. Rd4 Rxd4 39. cxd4 Kf6 40.
Kf4 1-0

[Event "AUTO-INT-157"]
[Site "http://www.queenalice.com/game.php?id=131800"]
[Date "2006.11.21"]
[Round "2"]
[White "CampbellMarcel"]
[Black "guarise"]
[Result "0-1"]
[WhiteElo "1939"]
[BlackElo "1695"]

1. e4 c5 2. Nf3 Nc6 3. Bc4 d6 4. O-O Bg4 5. h3 Bh5 6. c3 Ne5 7. Bb5+ Nc6 8. d4
Qb6 9. Bxc6+ bxc6 10. g4 Bg6 11. Nbd2 cxd4 12. Nxd4 Nf6 13. Nc4 Qc7 14. f3 d5
15. exd5 cxd5 16. Nb5 Qc5+ 17. Ne3 Qxb5 18. a4 Qb8 19. b4 e6 20. Kg2 Bd6 21. Rh1
Bf4 22. Re1 O-O 23. Nf1 Bxc1 24. Rxc1 Qf4 25. b5 Nd7 26. c4 Ne5 27. c5 f5 28. c6
fxg4 29. hxg4 Nxf3 30. Re3 Qxg4+ 31. Ng3 Nh4+ 32. Kh2 Rf2+ 33. Kg1 Rg2+ 34. Kf1
Rf8+ 35. Rf3 Rxf3+ 36. Ke1 Qxg3# 0-1

[Event "AUTO-OPEN-451"]
[Site "http://www.queenalice.com/game.php?id=219991"]
[Date "2007.6.2"]
[Round "2"]
[White "guarise"]
[Black "carlosot"]
[Result "0-1"]
[WhiteElo "1754"]
[BlackElo "2138"]

1. e4 g6 2. Bc4 d6 3. Nf3 Bg7 4. d4 e6 5. Nc3 Nd7 6. Bf4 Ne7 7. e5 d5 8. Bd3 a6
9. Qd2 c5 10. Bh6 O-O 11. Bxg7 Kxg7 12. h4 cxd4 13. Ne2 h5 14. Nexd4 Nc6 15.
Nxc6 bxc6 16. c4 f6 17. exf6+ Qxf6 18. Rh3 e5 19. Bxg6 Kxg6 20. Rg3+ Kh7 21.
Ng5+ Kh8 22. Rf3 Qe7 23. Rg3 Nf6 24. cxd5 cxd5 25. O-O-O Bf5 26. Qa5 Rac8+ 27.
Rc3 d4 28. Rxc8 Rxc8+ 29. Kd2 Ne4+ 30. Nxe4 Bxe4 31. g3 Qf6 32. Rf1 Bg2 33. Re1
Qxf2+ 34. Re2 Rc2+ 35. Kxc2 Qxe2+ 36. Kb3 Qd3+ 0-1

[Event "AUTO-OPEN-451"]
[Site "http://www.queenalice.com/game.php?id=219992"]
[Date "2007.6.2"]
[Round "2"]
[White "carlosot"]
[Black "guarise"]
[Result "1-0"]
[WhiteElo "2132"]
[BlackElo "1756"]

1. d4 d5 2. Nf3 e6 3. Bf4 Nf6 4. Nbd2 Be7 5. e3 Nh5 6. Be5 Bd6 7. c4 Nf6 8. c5
Bxe5 9. Nxe5 Bd7 10. Bd3 Nc6 11. Nxc6 Bxc6 12. Qc2 Qe7 13. b4 e5 14. O-O O-O 15.
b5 Bd7 16. dxe5 Qxe5 17. Rab1 c6 18. Nf3 Qh5 19. bxc6 Bxc6 20. Nd4 Rab8 21. Rb4
Ng4 22. h3 Ne5 23. Rfb1 Nxd3 24. Qxd3 Qh6 25. a4 Rfe8 26. a5 Re7 27. Nf5 Qe6 28.
Nxe7+ Qxe7 29. a6 g6 30. Qd4 f6 31. Qf4 Qe5 32. Rxb7 Ra8 33. Qh6 Bxb7 34. Rxb7
f5 35. Qxh7+ 1-0